[Event "Dutch Open 2024"]
[Site "Velp, Netherlands"]
[Date "2024.07.24"]
[Round "2.24"]
[White "Van Kuijk, Vadim"]
[Black "Smit, Manuel"]
[Result "0-1"]
[WhiteElo "2131"]
[BlackElo "1969"]
[PlyCount "62"]
[EventDate "2024.??.??"]

1. e4 e5 2. Nf3 d5 3. exd5 e4 4. Nd4 Qxd5 5. Nb3 Nf6 6. Nc3 Qe5 7. Be2 Nc6 8.
O-O Bd6 9. g3 O-O 10. Re1 Re8 11. Bf3 Qf5 12. Bg2 Bd7 13. f3 exf3 14. Rf1 Qg6
15. Bxf3 Bxg3 16. hxg3 Qxg3+ 17. Kh1 Bh3 18. Ne2 Rxe2 19. Qxe2 Bxf1 20. Qxf1
Re8 21. Be2 Re4 22. Qg2 Qe1+ 23. Qf1 Qxe2 24. Qxe2 Rxe2 25. Kg1 Ng4 26. d4 Rxc2
27. Bf4 f5 28. Re1 Nb4 29. Re8+ Kf7 30. Rd8 Nf6 31. Nc5 b6 0-1

[Event "Dutch Open 2024"]
[Site "Velp, Netherlands"]
[Date "2024.07.24"]
[Round "2.25"]
[White "Schuricht, Emil Frederick"]
[Black "Op den Dries, Johan"]
[Result "1-0"]
[WhiteElo "1973"]
[BlackElo "2120"]
[PlyCount "125"]
[EventDate "2024.??.??"]

1. c4 Nc6 2. Nc3 e5 3. Nf3 f5 4. e3 e4 5. Nd4 Nxd4 6. exd4 Nf6 7. d3 Bb4 8. Bd2
O-O 9. dxe4 fxe4 10. Be2 c5 11. O-O d6 12. a3 Ba5 13. dxc5 dxc5 14. Nxe4 Nxe4
15. Bxa5 Qxa5 16. Qd5+ Rf7 17. Qxe4 Bf5 18. Qe5 Qb6 19. Bf3 Be6 20. Rfe1 Rf6
21. Rad1 Bxc4 22. Rd7 Rf7 23. Bd5 Bxd5 24. Qxd5 Qf6 25. Re2 g6 26. g3 Rb8 27.
h4 Qf5 28. Qxf5 gxf5 29. Ree7 Rxe7 30. Rxe7 a5 31. Kg2 b5 32. Rc7 c4 33. Kf1
Rd8 34. Rc5 Rd1+ 35. Ke2 Rb1 36. Rxb5 c3 37. Kd3 cxb2 38. Kc3 Rf1 39. Rxb2 Kg7
40. Kb3 f4 41. Ka4 Kg6 42. Kxa5 f3 43. a4 Kf5 44. Kb5 Re1 45. Rb4 Re5+ 46. Kc6
Re6+ 47. Kd5 Re5+ 48. Kd4 Re2 49. Rb7 Rxf2 50. Ke3 Rf1 51. Rb4 Ra1 52. g4+ Ke5
53. Kxf3 Ra3+ 54. Ke2 Rh3 55. g5 Kf5 56. a5 Ra3 57. Rb7 h6 58. Rb5+ Ke4 59.
gxh6 Ra2+ 60. Kd1 Rh2 61. h5 Kd3 62. Rd5+ Kc4 63. h7 1-0